celebrity birth countries - Statistics

General Stats
  • This quiz has been taken 45 times
  • The average score is 23 of 30
Answer Stats
person home country % Correct
Jackie Chan Karate kid China
98%
Bono lead singer of U2 Ireland
95%
Vladimir Putin President Russia
95%
Chris Hemsworth Thor Australia
93%
Hayao Miyazaki Totoro producer Japan
93%
Celine Dion my heart will go on, ne partez sans moi Canada
90%
Heidi Klum model and america's got talent judge Germany
90%
Priyanka Chopra We Can be heroes, Married to a jonas India
90%
Mahatma Gandhi political leader India
90%
Penelope Cruz married to Javier Bardem Spain
90%
Arnold Schwarzenegger terminator Austria
88%
Ed Sheeran castle on the hill, ginger singer England
88%
Andrea Bocelli Opera Italy
88%
Benny Anderson part of ABBA Sweden
88%
Marion Coutillard co starred with brad pitt in Allied France
85%
Usain Bolt Fastest man Jamaica
85%
Nelson Mandela 27 years in captivity South Africa
83%
Shakira hips don't lie Colombia
78%
Mads Mikkelsen Hannibal TV Denmark
78%
David Tennant doctor who, 10th Scotland
78%
Verka Seduchka ukraine eurovision drag queen 2007 Ukraine
76%
Anthony Hopkins Silence of the lambs Wales
73%
Andrzej Sapkowski author of the Witcher stories Poland
71%
Rihanna umbrella singer Barbados
68%
Mo Farah British Somali athlete Somali
68%
Anna Paquin True blood and X Men New Zealand
59%
Netta Barzilai eurovision winner 2018, Toy Israel
54%
Magnus Scheving creator of lazytown Iceland
49%
Mother Theresa helped the poor Albania
46%
Jon Jon Briones Ratched, Miss Saigon Philippines
20%
No matching quizzes found
Score Distribution
Percent of People with Each Score
Percentile by Number Answered
Your Score History
You have not taken this quiz